Land and post-conflict peacebuilding / (Registro nro. 8983)
[ vista simple ]
| 000 -CABECERA | |
|---|---|
| Campo de control | 00979nam a22002657a 4500 |
| 005 - FECHA Y HORA DE LA ULTIMA TRANSACCION | |
| Campo de control | 20150121020002.0 |
| 008 - ELEMENTOS DE LONGITUD FIJA—INFORMACION GENERAL | |
| Campo de control | 110816s2013 enkb b 001 0 eng |
| 020 ## - ISBN | |
| ISBN | 9781849712316 (pbk : alk. paper) |
| 020 ## - ISBN | |
| ISBN | 9781849775793 (ebk) |
| 040 ## - FUENTE DE CATALOGACIÓN | |
| Agencia catalogadora original | DLC |
| Agencia transcriptora | DLC |
| Agencia Modificadora | DLC |
| -- | Co-BoIAVH |
| 041 ## - IDIOMA | |
| Código de idioma para texto/pista de sonido o título separado | Inglés |
| 044 ## - PAÍS DE PUBLICACIÓN | |
| País de publicación | Estados Unidos |
| 082 00 - NUMERO DE CLASIFICACION DECIMAL DEWEY | |
| Número de clasificación | 327.172 |
| Número del ítem | U58p |
| 245 00 - MENCION DE TITULO | |
| Título | Land and post-conflict peacebuilding / |
| Mención de responsabilidad | editado por Jon Unruh y Rhodri C. Williams ; prólogo de Jeffrey D. Sachs]. |
| 260 ## - PUBLICACION, DISTRIBUCION, ETC. (PIE DE IMPRENTA) | |
| Lugar de publicación, distribución, etc. | London ; |
| -- | New York : |
| Nombre del editor, distribuidor, etc. | Earthscan, |
| Fecha de publicación, distribución, etc. | 2013. |
| 300 ## - DESCRIPCION FISICA | |
| Extensión | xviii, 627 p. : |
| Otros detalles físicos | mapas ; |
| Dimensiones | 24 cm. |
| 490 0# - MENCION DE SERIE | |
| Mención de serie | Consolidación de la Paz y de los recursos naturales; |
| Designación numérica/secuencial del volumen | 2 |
| 504 ## - NOTA DE BIBLIOGRAFIA, ETC. | |
| Nota de bibliografía | Incluye referencias bibliográficas e índice. |
| 650 #0 - ASIENTO SECUNDARIO DE MATERIA - TERMINO TEMATICO | |
| Término temático o nombre geográfico como elemento de entrada | Peace-building. |
| 650 #0 - ASIENTO SECUNDARIO DE MATERIA - TERMINO TEMATICO | |
| Término temático o nombre geográfico como elemento de entrada | Land tenure |
| Subdivisión general | Political aspects. |
| 650 #0 - ASIENTO SECUNDARIO DE MATERIA - TERMINO TEMATICO | |
| Término temático o nombre geográfico como elemento de entrada | Natural resources |
| Subdivisión general | Political aspects. |
| 700 1# - ASIENTO SECUNDARIO - NOMBRE PERSONAL | |
| Nombre personal | Unruh, Jon Darrel. |
| 700 1# - ASIENTO SECUNDARIO - NOMBRE PERSONAL | |
| Nombre personal | Williams, Rhodri, |
| Fechas asociadas con el nombre | 1959- |
| 942 ## - ELEMENTOS ADICIONALES (KOHA) | |
| Sistema de clasificación | Dewey Decimal Classification |
| Tipo de ítem | Libro |
| Koha issues (borrowed), all copies | 1 |
| Withdrawn status | Lost status | Sistema de Clasificación | Damaged status | No para préstamo | Colección | Inventariado | Ubicación Permanente | Ubicación actual | Fecha de adquisición | Fuente de Valor | Valor | Total Checkouts | Número topográfico | Inventario / Código de Barras | Date last seen | Date checked out | Ejemplar | Price effective from | Forma de adquisición | Tipo de material |
|---|---|---|---|---|---|---|---|---|---|---|---|---|---|---|---|---|---|---|---|---|
| Dewey Decimal Classification | General | Inventariado 2017 | Bogotá | Bogotá | 15/01/2015 | Instituto | 39000.00 | 1 | LB-327.172 U58p | 038480 | 28/08/2015 | 20/01/2015 | Ej. 1 | 15/01/2015 | Compra | Libro |